Response of some important Indian crops to fertilizers and factors influencing this response (Record no. 45901)

MARC details
000 -LEADER
fixed length control field 00374nam a2200121Ia 4500
100 ## - MAIN ENTRY--AUTHOR NAME
Personal name Panse VG
245 #0 - TITLE STATEMENT
Title Response of some important Indian crops to fertilizers and factors influencing this response
260 ## - PUBLICATION, DISTRIBUTION, ETC. (IMPRINT)
Name of publisher Indian Journal of Agricultural Sciences
Year of publication 1964
300 ## - PHYSICAL DESCRIPTION
Number of Pages 172-202
700 ## - ADDED ENTRY--PERSONAL NAME
Personal name Khanna RC
942 ## - ADDED ENTRY ELEMENTS (KOHA)
Koha item type Reprints
Holdings
Withdrawn status Lost status Damaged status Not for loan Home library Current library Date acquired Serial Enumeration / chronology Koha item type
      Reprints RRII Library RRII Library 22/12/2021 Volume 34, Issue 3 Reprints